000 00726nam a2200253Ia 4500
003 OSt
005 20220918201757.0
006 a|||||r|||| 00| 0
007 ta
008 220917b |||||||| |||| 00| 0 eng d
024 _a96,394
037 _cTextual
040 _aARTS
_cARTS
_beng
041 _2eng
_aeng
082 _aV2:194498.N9, N0
100 _aKadian Rajesh
_9100612
245 0 _aIndia's Sri Lanka Fiasco
_b Peace Keepers at war
260 _aNew Delhi
_bVision Books
_c1990
300 _a184p.
_ccm.
500 _aAppendices p158--175; Includes Bibliography; Includes Index
650 _aHISTORY
942 _hV2:194498.N9, N0
_cTEXL
_2CC
999 _c220005
_d220005